LEADER 03930nam 22007815 450 001 9910790011603321 005 20230828215717.0 010 $a0-8147-6259-X 024 7 $a10.18574/9780814762592 035 $a(CKB)2670000000155544 035 $a(EBL)866187 035 $a(OCoLC)779828467 035 $a(SSID)ssj0000607799 035 $a(PQKBManifestationID)11386251 035 $a(PQKBTitleCode)TC0000607799 035 $a(PQKBWorkID)10590324 035 $a(PQKB)10227750 035 $a(MiAaPQ)EBC866187 035 $a(OCoLC)794701178 035 $a(MdBmJHUP)muse10567 035 $a(DE-B1597)547330 035 $a(DE-B1597)9780814762592 035 $a(EXLCZ)992670000000155544 100 $a20200723h20062006 fg 0 101 0 $aeng 135 $aurnn#---|un|u 181 $ctxt 182 $cc 183 $acr 200 10$aTrial by Jury $eThe Seventh Amendment and Anglo-American Special Juries /$fJames Oldham 210 1$aNew York, NY :$cNew York University Press,$d[2006] 210 4$dİ2006 215 $a1 online resource (365 p.) 300 $aDescription based upon print version of record. 311 0 $a0-8147-6204-2 320 $aIncludes bibliographical references (p. 229-312) and index. 327 $tFront matter --$tContents --$tPreface --$tIntroduction --$t1. The Scope of the Seventh Amendment Guarantee --$t2. The ?Complexity Exception? --$t3. Law versus Fact --$t4. Determining Damages --$t5. The Jury of Matrons --$t6. The Self-Informing Jury --$t7. The English Origins of the Special Jury --$t8. Special Juries in England --$t9. Special Juries in the United States and Modern Jury Formation Procedures --$tAppendix 1 --$tAppendix 2 --$tAppendix 3 --$tAppendix 4 --$tNotes --$tTable of Statutes --$tTable of Cases --$tIndex --$tAbout the Author 330 $aWhile the right to be judged by one's peers in a court of law appears to be a hallmark of American law, protected in civil cases by the Seventh Amendment to the Constitution, the civil jury is actually an import from England. Legal historian James Oldham assembles a mix of his signature essays and new work on the history of jury trial, tracing how trial by jury was transplanted to America and preserved in the Constitution. Trial by Jury begins with a rigorous examination of English civil jury practices in the late eighteenth century, including how judges determined one's right to trial by jury and who composed the jury. Oldham then considers the extensive historical use of a variety of ?special juries,? such as juries of merchants for commercial cases and juries of women for claims of pregnancy. Special juries were used for centuries in both English and American law, although they are now considered antithetical to the idea that American juries should be drawn from jury pools that reflect reasonable cross-sections of their communities. An introductory overview addresses the relevance of Anglo-American legal tradition and history in understanding America's modern jury system. 606 $aConstitutional law$zUnited States 606 $aJury$zEngland$xHistory 606 $aJury$zUnited States$xHistory 610 $aAmerica. 610 $aConstitution. 610 $aJames. 610 $aLegal. 610 $aOldham. 610 $aassembles. 610 $aessays. 610 $ahistorian. 610 $ahistory. 610 $ajury. 610 $apreserved. 610 $asignature. 610 $atracing. 610 $atransplanted. 610 $atrial. 610 $awork. 615 0$aConstitutional law 615 0$aJury$xHistory. 615 0$aJury$xHistory. 676 $a347.73/752 700 $aOldham$b James$4aut$4http://id.loc.gov/vocabulary/relators/aut$0730935 801 0$bDE-B1597 801 1$bDE-B1597 906 $aBOOK 912 $a9910790011603321 996 $aTrial by Jury$93839154 997 $aUNINA LEADER 02785nam 2200589 450 001 9910810786803321 005 20210629201308.0 010 $a1-4422-3824-0 010 $a1-4422-3825-9 035 $a(CKB)2670000000618868 035 $a(EBL)2058191 035 $a(OCoLC)910325886 035 $a(SSID)ssj0001497306 035 $a(PQKBManifestationID)12629829 035 $a(PQKBTitleCode)TC0001497306 035 $a(PQKBWorkID)11490149 035 $a(PQKB)10216562 035 $a(MiAaPQ)EBC2058191 035 $a(EXLCZ)992670000000618868 100 $a20150609h20152015 uy 0 101 0 $aeng 135 $aur|n|---||||| 181 $ctxt 182 $cc 183 $acr 200 10$aApproaching the end of life $ea practical and spiritual guide /$fDonna Schaper 210 1$aLanham, Maryland :$cRowman & Littlefield,$d2015. 210 4$dİ2015 215 $a1 online resource (208 p.) 300 $aIncludes index. 311 08$aPrint version: Schaper, Donna. Approaching the end of life : a practical and spiritual guide. Lanham, Maryland : Rowman & Littlefield, c2015 vii, 198 pages 9781442238244 2015008612 327 $aIntroduction -- 1. The Best Funeral Ever -- 2. What to Do When You Get Sick and Death First Knocks on Your Door -- 3. The Importance of the Afterlife -- 4. Early Dotage, Mid Dotage, and Late Dotage -- 5. Spiritual Preparation for Death -- 6. Spiritual and Practical Combined -- 7. Really Bad Funerals Do Happen -- 8. Finding a Spiritual Home before Death -- 9. My Lord, What a Morning -- Funeral and Memorial Service Planning Checklist -- Glossary of Funeral and Memorial Service Terms -- Words and Music for Funerals and Memorial Services -- (An Opinionated) Template for a Funeral or Memorial Service -- Budget for a Funeral or Memorial Service. 330 $aFrom making a will and planning a memorial service to finding peace in aging and illness, Approaching the End of Life offers practical and spiritual guidance to anyone wrestling with the end of a life. With sensitivity and humor Donna Schaper shares information on topics ranging from coping with illness to finding a spiritual home. 606 $aFuneral service$xPlanning 606 $aTerminally ill$xReligious life 606 $aDeath$xReligious aspects 606 $aSpiritual life 615 0$aFuneral service$xPlanning. 615 0$aTerminally ill$xReligious life. 615 0$aDeath$xReligious aspects. 615 0$aSpiritual life. 676 $a248.8/6175 676 $a248.86175 700 $aSchaper$b Donna$01097426 801 0$bMiAaPQ 801 1$bMiAaPQ 801 2$bMiAaPQ 801 2$bCaOTK 906 $aBOOK 912 $a9910810786803321 996 $aApproaching the end of life$94018695 997 $aUNINA